00691cam a22002171 4500001001300000003000400013005001700017008004100034010001700075035002000092040001800112042001200130043001200142050001600154100003000170245016200200260004100362300001800403651003500421999001700456sa 65004574 DLC20260227112131.0890420s1964 io 000 0 ind  asa 65004574  a(OCoLC)23546773 aDLCcMiUdDLC apremarc aa-io---00aHC447b.A741 aAidit, D. N.,d1923-1965.10aPemetjahan masalah ekonomi dan ilmu ekonomi Indonesia dewasa ini.bPrasaran dimuka Musjawarah Besar Sardjana Ekonomi Indonesia tgl. 8 Djuli 1964 di Djakarta, aDjakarta,bJajasan Pembaruan,c1964. a42 p.c21 cm. 0aIndonesiaxEconomic conditions c63833d63833